000 00716nam a2200289Ia 4500
005 20260324131910.0
008 008 260324s9999 xx 000 0 eng d
020 _a9780429132544
037 _aEBOOK
040 _aCRL
040 _beng
040 _cCRL
041 _2eng
041 _aeng
084 _qCRL
100 _aFadi P. Deek; Osama M. Eljabiri; James A. M. McHugh
_91187261
245 0 _aStrategic Software Engineering
245 3 _bAn Interdisciplinary Approach
260 _bTaylor and Francis
260 _c2005
365 _a
365 _b260
856 _uhttp://www.taylorfrancis.com/books/9780429132544
942 _cEBOOK
999 _c1784831
_d1784831